Environmental sanitation, wastewater treatment and disposal (Record no. 496)

000 -LEADER
fixed length control field 00680nam a22002417a 4500
001 - CONTROL NUMBER
control field 496
003 - CONTROL NUMBER IDENTIFIER
control field BD-DhUET
008 - FIXED-LENGTH DATA ELEMENTS--GENERAL INFORMATION
fixed length control field 140722b xxu||||| |||| 00| 0 eng d
020 ## - INTERNATIONAL STANDARD BOOK NUMBER
International Standard Book Number 9789848920169
040 ## - CATALOGING SOURCE
Transcribing agency 0
Modifying agency BD-DhUET
082 ## - DEWEY DECIMAL CLASSIFICATION NUMBER
Classification number 628
Item number TAN / 2013
100 ## - MAIN ENTRY--PERSONAL NAME
Personal name Tanveer Ferdous Saeed
245 ## - TITLE STATEMENT
Title Environmental sanitation, wastewater treatment and disposal
250 ## - EDITION STATEMENT
Edition statement 1st ed.
260 ## - PUBLICATION, DISTRIBUTION, ETC. (IMPRINT)
Place of publication, distribution, etc. Dhaka
Name of publisher, distributor, etc. University Grants Commission of Bangladesh
Date of publication, distribution, etc. 2013
300 ## - PHYSICAL DESCRIPTION
Extent xvi, 343p. :
504 ## - BIBLIOGRAPHY, ETC. NOTE
Bibliography, etc Includes bibliographies
650 #0 - SUBJECT ADDED ENTRY--TOPICAL TERM
Topical term or geographic name as entry element Environmental engineering
650 #0 - SUBJECT ADDED ENTRY--TOPICAL TERM
Topical term or geographic name as entry element Sanitation engineering
700 ## - ADDED ENTRY--PERSONAL NAME
Personal name Abdullah Al-Muyeed
700 ## - ADDED ENTRY--PERSONAL NAME
Personal name Tanvir Ahmed
942 ## - ADDED ENTRY ELEMENTS (KOHA)
Koha item type General Book
Holdings
Koha item type Damaged status Date acquired Shelving location Koha date last borrowed Koha issues (times borrowed) Lost status Price effective from Not for loan Piece designation (barcode) Sublocation or collection (holding branch) Withdrawn status Koha date last seen Location (home branch) Copy number Koha full call number Koha normalized classification for sorting Source of classification or shelving scheme
General Book 2014-07-22Circulation section   2014-07-22 112448Central Library, BUET 2014-07-22Central Library, BUET1628/TAN/2013628TAN2013 
General Book 2014-07-22Circulation section   2014-07-22 112449Central Library, BUET 2016-11-16Central Library, BUET2628/TAN/2013628TAN2013 
General Book 2014-07-22Circulation section   2014-07-22 112450Central Library, BUET 2014-07-22Central Library, BUET3628/TAN/2013628TAN2013 
General Book 2014-07-22Circulation section   2014-07-22 112451Central Library, BUET 2014-07-22Central Library, BUET4628/TAN/2013628TAN2013 
General Book 2014-07-22Circulation section   2014-07-22 112452Central Library, BUET 2014-07-22Central Library, BUET5628/TAN/2013628TAN2013 
General Book 2014-07-22Circulation section   2014-07-22 112453Central Library, BUET 2016-10-18Central Library, BUET6628/TAN/2013628TAN2013 
General Book 2014-07-22Circulation section   2014-07-22 112454Central Library, BUET 2016-01-18Central Library, BUET7628/TAN/2013628TAN2013 
General Book 2014-07-22Circulation section2020-02-181 2014-07-22 112455Central Library, BUET 2020-02-23Central Library, BUET8628/TAN/2013628TAN2013 
General Book 2014-07-22Circulation section   2014-07-22 112456Central Library, BUET 2014-07-22Central Library, BUET9628/TAN/2013628TAN2013 
General Book 2014-07-22Circulation section   2014-07-22 112457Central Library, BUET 2016-12-03Central Library, BUET10628/TAN/2013628TAN2013